书目信息 |
| 题名: |
古今小说精华
|
|
| 作者: | ;北京出版社 编 | |
| 分册: | 下册 | |
| 出版信息: | 北京 编者 1992.7 |
|
| 页数: | 997-1822页 | |
| 开本: | 20cm | |
| 丛书名: | ||
| 单 册: | ||
| 中图分类: | I242.4 | |
| 科图分类: | 44.5311 | |
| 主题词: | 笔记小说--中国--古代--选集 | |
| 电子资源: | ||
| ISBN: | 7-200-01768-X | |
| 000 | 00888nam0 2200265 45 | |
| 001 | 1236716581 | |
| 005 | 20121015101425.92 | |
| 010 | @a7-200-01768-X@b精装@dCNY25.50 | |
| 092 | @a社科305-337 | |
| 100 | @a19930225d1992 em y0chiy0121 ea | |
| 101 | 0 | @achi |
| 102 | @aCN@b110000 | |
| 105 | @ay z 000yy | |
| 200 | 10 | @a古今小说精华@AGU JIN XIAO SHUO JING HUA@f北京出版社编@FBEI JING CHU BAN SHE BIAN@h下册 |
| 205 | @b影印本 | |
| 210 | @a北京@c编者@d1992.7 | |
| 215 | @a997-1822页@d20cm | |
| 330 | @a本书共2册。撷取汉魏至近代的野史笔记精华,分为国故类、地理类、人品类、文苑类、艳迹类、神怪类、博物类等8类32卷。 | |
| 540 | 1 | @a古今 小说 精华@AGU JIN XIAO SHUO JING HUA |
| 606 | @a笔记小说@y中国@z古代@x选集 | |
| 690 | @aI242.4@v三版 | |
| 692 | @a44.5311 | |
| 711 | 02 | @a北京出版社@ABEI JING CHU BAN SHE@4编 |
| 801 | 0 | @aCN@bTSSF@c19930225 |
| 905 | @a10447@dI242.4@eJY109:2 | |
| 古今小说精华/北京出版社编.下册.-影印本.-北京:编者,1992.7 |
| 997-1822页;20cm |
| ISBN 7-200-01768-X(精装):CNY25.50 |
| 本书共2册。撷取汉魏至近代的野史笔记精华,分为国故类、地理类、人品类、文苑类、艳迹类、神怪类、博物类等8类32卷。 |
| ● |
| 相关链接 |
|
|
|
|
正题名:古今小说精华
索取号:I242.4/JY109:2
 
预约/预借
| 序号 | 登录号 | 条形码 | 馆藏地/架位号 | 状态 | 备注 |
| 1 | 7823730 | 278237301 | 学院路分馆/ [索取号:I242.4/JY109:2] | 在馆 |